000 00259nam a2200109Ia 4500
008 191206s9999 xx 000 0 und d
090 _aPR92729N32
245 2 _aA House for Mr. Biswas
260 _aPenguin Books
260 _cc[c1961]
300 _a531 p. 21 cm.
999 _c15367
_d15367